| 000 | 01255nam a22003977a 4500 | ||
|---|---|---|---|
| 999 |
_c3962 _d3962 |
||
| 003 | Nust | ||
| 005 | 20170105101616.0 | ||
| 008 | 161130b xxu||||| |||| 00| 0 eng d | ||
| 020 | _a975795579X (Vol.16) | ||
| 020 | _a9757955698 (Vol.6) | ||
| 020 | _a9757955706 (Vol.7) | ||
| 020 | _a9757955714 (Vol.8) | ||
| 020 | _a9757955722 (Vol.9) | ||
| 020 | _a9757955730 (Vol.10) | ||
| 020 | _a9757955749 (Vol.11) | ||
| 020 | _a9757955781 (Vol.15) | ||
| 020 | _a9757955647 (Vol.1) | ||
| 020 | _a9757955655 (Vol.2) | ||
| 020 | _a9757955663 (Vol.3) | ||
| 020 | _a9757955671 (Vol.4) | ||
| 020 | _a975795568X (Vol.5) | ||
| 020 | _a9757955757 (Vol.12) | ||
| 020 | _a9757955765 (Vol.13) | ||
| 020 | _a9757955773 (Vol.14) | ||
| 040 | _cNust | ||
| 041 | _heng | ||
| 082 |
_a378.007 _bDIR-H |
||
| 245 |
_aDirectory of Higher Education Programmes and Scholarships in European Countries _cEdited Oguz Ertug |
||
| 260 |
_aUK: _bEuropean Books Ltd & TEMP Publisher, _c2012. |
||
| 300 |
_av. <1-16; in 16> : _c28 cm. |
||
| 500 | _aVol. 1-16 published by European Books Ltd & TEMP Publisher, | ||
| 650 | _aDirectory-Higher Education-European Countries | ||
| 650 | _aHigher Education-Program | ||
| 700 |
_aOguz Ertug _d2012 |
||
| 942 |
_2ddc _cREF |
||